[Event "WSTCC-50 2020"]
[Site "Prague"]
[Date "2020.03.08"]
[Round "3.23"]
[White "Findlay, Ian T."]
[Black "Gislason, Gudmundur"]
[Result "1-0"]
[WhiteElo "2159"]
[BlackElo "2322"]
[Annotator "TA"]
[PlyCount "87"]
[EventDate "2020.03.06"]
[EventType "team-tourn"]
[EventCountry "CZE"]
[SourceTitle "playchess.com"]
[Source "ChessBase"]
[SourceQuality "1"]

{[%evp 14,87,-25,-122,-6,-8,-12,-11,-11,-34,-39,-36,-27,-45,-24,-19,-9,-15,-12,-36,-36,-41,-34,-56,-46,-55,-58,-88,-90,-104,-100,-97,-95,-105,-101,-97,-100,-103,-103,-103,14,8,18,-16,-34,-31,-4,-4,-12,-20,0,0,0,0,0,3,51,47,45,46,172,172,174,163,196,195,264,260,488,468,563,563,563,561,616,585]} 1. e4 c5 2. Nf3 e6 3. d4 cxd4 4. Nxd4 a6 5. Nc3 Qc7 6. Be2 Nf6 7. Be3 Bb4 8. Qd3 (8. Bd2 $11) 8... d5 {B43: Sicilian: Kan Variation: 5 Nc3.} ({Black should play} 8... Nxe4 $1 $17 9. O-O Nxc3 10. bxc3 Bxc3) 9. exd5 $11 Nxd5 10. Bd2 Nxc3 {The position is equal.} 11. bxc3 Be7 {[#]} 12. Qg3 $146 ({Predecessor:} 12. O-O Nd7 13. c4 O-O 14. Rad1 b6 15. Qh3 Nf6 16. Bc3 Bb7 17. Bd3 h6 18. Rfe1 {½-½ (25) Nguyen,D (2192)-Svoboda,V (2287) Kouty nad Desnou 2010}) 12... Qxg3 13. hxg3 Nd7 {[%cal Bb8d7,Bd7c5,Bc5a4][%mdl 32]} 14. Rb1 Nc5 15. Bf3 e5 16. Nb3 e4 17. Be2 Na4 18. O-O O-O 19. Rfd1 Bf6 20. Nd4 b5 21. Be1 Rd8 22. Nc6 Rxd1 23. Rxd1 Be6 24. c4 Nb2 25. cxb5 {Threatening b6.} Nxd1 26. b6 {Black should prevent b7.} Bc3 (26... Nc3 $17 27. Bxc3 Bxc3) 27. b7 Re8 28. Bxc3 (28. Kf1 {feels hotter.} Bxe1 29. Kxe1 Nc3 30. Bxa6 Nxa2 31. Kd2) 28... Nxc3 29. Bxa6 Bd5 ({Not} 29... Bxa2 $2 30. Ne7+ $1 {[%mdl 512]} Kh8 31. Nc8 $18) 30. b8=Q Rxb8 31. Nxb8 Bxa2 {[%mdl 4096] Endgame KBN-KBN} 32. Nc6 Kf8 33. Kf1 Nd5 34. Ke1 h5 35. Be2 g6 36. Kd2 f5 {This costs Black the game.} ({Black should try} 36... Ne7 $14 37. Nxe7 Kxe7) 37. c4 $18 Nb6 {[#]} 38. Kc3 $1 Kg7 {[#]} 39. Nb4 $1 {[%cal Rb4a2]} Bb1 (39... Na4+ $142 40. Kd4 Bb3) 40. c5 Na4+ $2 (40... Nc8 41. Ba6 Ne7) 41. Kd4 {White is clearly winning.} Kf6 42. Bb5 Nxc5 43. Kxc5 g5 44. Kd4 {Accuracy: White = 96%, Black = 63%.} 1-0

[Event "WSTCC-50 2020"]
[Site "Prague"]
[Date "2020.03.08"]
[Round "3.24"]
[White "Karlsson, Agust S"]
[Black "Barron, Michael"]
[Result "1-0"]
[WhiteElo "2268"]
[BlackElo "2075"]
[Annotator "TA"]
[PlyCount "129"]
[EventDate "2020.03.06"]
[EventType "team-tourn"]
[EventCountry "CZE"]
[SourceTitle "playchess.com"]
[Source "ChessBase"]
[SourceQuality "1"]

{[%evp 13,129,27,38,39,37,31,55,64,59,70,81,88,114,108,116,110,101,81,133,125,115,15,14,10,20,22,108,75,134,139,130,128,242,239,235,246,375,380,379,379,399,410,403,406,393,347,416,407,352,403,575,549,585,566,585,577,690,536,529,441,420,420,521,513,542,550,548,512,568,576,578,567,572,541,592,577,646,643,622,616,653,638,617,660,656,637,630,639,626,626,659,653,683,606,832,798,821,750,12844,12844,12845,12845,12845,12846,12851,27999,12851,27999,12851,29977,12851,27999,12851,27999,12851,29982,12851,27999]} 1. d4 f5 2. Nf3 Nf6 3. g3 g6 4. Bg2 Bg7 5. O-O O-O 6. b3 Ne4 7. Bb2 c5 8. Qc1 {A81: Dutch Defence: 2 g3.} cxd4 9. Bxd4 Nc6 10. Bxg7 {White is slightly better.} Kxg7 11. Qb2+ Rf6 12. c4 {[#]} b6 $146 ({Predecessor:} 12... d6 13. Nc3 Nxc3 14. Qxc3 Qa5 15. Qxa5 Nxa5 16. Nd4 Bd7 17. Rfd1 Rc8 18. Rac1 Rff8 {1-0 (41) Jenal,J-Schroll,G ICCF corr 1994}) 13. Nfd2 Nxd2 14. Nxd2 Bb7 15. e4 d6 ({Better is} 15... f4) 16. exf5 $16 gxf5 17. Nf3 (17. f4 $16) 17... e5 $11 18. Rad1 $36 {[%mdl 2048] Hoping for Nxe5! White has the initiative.} Qe7 19. Rfe1 Re6 (19... Raf8 $11) 20. b4 {White now steadily converts the win.} Rf8 {[#]} (20... Qf6 $142) 21. c5 $1 $16 {[%mdl 512]} dxc5 (21... bxc5 22. bxc5) 22. bxc5 bxc5 {[#]} (22... Kg8 $16 {was called for.}) 23. Ng5 $1 $18 {[%cal Rg5e6][%mdl 576] Deflection} Qxg5 24. Qxb7+ Rf7 {[#]} (24... Ne7 $142 25. f4 (25. Qxa7 e4 $16) 25... Qf6) 25. Qc8 $1 {[%cal Rc8e6]} ({Not} 25. Rd7 Nd8 $16) 25... Qf6 26. Bd5 {[%mdl 64] Skewer} Rfe7 27. Bxe6 Qxe6 28. Qxe6 Rxe6 {[%mdl 4096] Endgame KRR-KRN} 29. Rd5 c4 30. Rc1 e4 31. Rxc4 Ne5 (31... Kg6 {keeps fighting.} 32. Kg2 h6) 32. Rc7+ Kg6 33. Rxa7 Nf3+ 34. Kg2 Rc6 35. Rd1 Ne5 36. Ra5 Nd3 37. Kg1 Rc2 {[#]} 38. f3 $1 Kf6 (38... exf3 39. Rxd3) 39. fxe4 fxe4 40. Rf1+ Ke7 {If only Black now had time for ...e3....} 41. Ra4 Nc5 42. Ra7+ Ke6 43. Rf2 Rc1+ {[#]} 44. Kg2 $1 Ke5 45. Rxh7 Kd4 46. Rh8 Nd3 47. Re2 Ne1+ 48. Kh3 Kd3 49. Rb2 Ke3 50. Kg4 Nd3 51. Rb3 Ke2 52. Rd8 Rc4 53. Kf5 Nf2 54. Re8 Ra4 55. a3 Nd3 56. Rxe4+ Rxe4 57. Kxe4 {KR-KN} Nc5+ 58. Kf4 Nxb3 {KN-K3P} 59. h4 Kd3 60. h5 Nd4 61. Ke5 (61. h6 $18 Ne6+ 62. Kf5 Nd4+ 63. Kf6) 61... Ne2 62. g4 Ke3 63. a4 Nd4 64. h6 Nf3+ 65. Kf6 {Accuracy: White = 92%, Black = 49%.} 1-0

[Event "WSTCC-50 2020"]
[Site "Prague"]
[Date "2020.03.08"]
[Round "3.25"]
[White "Fritsche, Lutz"]
[Black "Graf, Alexander"]
[Result "0-1"]
[WhiteElo "2321"]
[BlackElo "2575"]
[Annotator "TA"]
[PlyCount "40"]
[EventDate "2020.03.06"]
[EventType "team-tourn"]
[EventCountry "CZE"]
[SourceTitle "playchess.com"]
[Source "ChessBase"]
[SourceQuality "1"]

{[%evp 13,40,0,-7,-24,-10,-46,-40,-53,-23,-41,-52,-51,-22,-24,-11,-7,-18,-29,-31,-179,-170,-170,-182,-247,-224,-272,-265,-264,-264]} 1. e4 e5 2. Nf3 Nc6 3. d4 exd4 4. Bc4 Nf6 5. e5 d5 6. Bb5 Nd7 7. O-O Be7 8. Bf4 {C56: Two Knights: 4 d4 exd4 5 0-0 Nxe4.} (8. Bxc6 $5 bxc6 9. Nxd4 Nxe5 10. Bf4 $11) 8... O-O {[#]} 9. Bg3 $146 ({Predecessor:} 9. Re1 Ndb8 10. Nxd4 Nxd4 11. Qxd4 c5 12. Qd2 c4 13. Ba4 d4 14. c3 d3 15. Bd1 Be6 {1-0 (60) Galaktionov,P (2167)-Timoshenkov,A (2200) Bratsk 2018}) 9... Nb6 10. a4 {Black is slightly better.} a5 11. Bxc6 bxc6 {[%cal Bb7c6,Bc6c5][%mdl 32]} 12. Nxd4 c5 13. Nc6 Qd7 14. Nxe7+ Qxe7 15. Nc3 d4 $36 {[%mdl 2048] Black has the initiative.} 16. Ne4 {[#] This costs White the game.} (16. Nb5 $15) 16... f5 $1 $19 {[%cal Rf5e4]} 17. exf6 Qxe4 18. fxg7 (18. Re1 {was necessary.} Qg6 19. fxg7 Qxg7 20. Qd3) 18... Re8 ({Much less strong is} 18... Kxg7 19. Re1) 19. Qh5 Bb7 {[%csl Gb7][%cal Re4g2]} (19... Kxg7 20. Rae1 $11) 20. f3 Qd5 {Accuracy: White = 55%, Black = 83%.} ({Don't do} 20... Qxc2 21. Rac1 $19) 0-1

[Event "WSTCC-50 2020"]
[Site "Prague"]
[Date "2020.03.08"]
[Round "3.26"]
[White "Jussupow, Artur"]
[Black "Schulz, Klaus-Juergen"]
[Result "1/2-1/2"]
[WhiteElo "2560"]
[BlackElo "2331"]
[Annotator "TA"]
[PlyCount "106"]
[EventDate "2020.03.06"]
[EventType "team-tourn"]
[EventCountry "CZE"]
[SourceTitle "playchess.com"]
[Source "ChessBase"]
[SourceQuality "1"]

{[%evp 12,106,5,0,34,33,38,8,12,8,14,0,26,0,8,0,0,0,0,0,0,0,0,0,0,0,0,0,7,0,2,0,3,2,4,2,6,6,9,0,0,0,8,0,0,0,0,0,0,0,0,0,0,0,0,0,0,0,0,0,0,0,0,0,0,-4,-4,-4,-4,-4,-4,-4,-4,-4,-4,-8,-8,-8,-8,-8,-8,-8,-8,-12,-12,-12,-12,-12,-12,-12,-12,-12,-12,-12,-8,-12,-12]} 1. d4 d5 2. c4 e6 3. Nf3 Nf6 4. g3 Be7 5. Bg2 O-O 6. Qc2 c5 7. dxc5 Na6 {E06: Closed Catalan: Early deviations.} 8. O-O Nxc5 9. Be3 b6 10. Nc3 Bb7 11. Rad1 Rc8 12. Qb1 {[#]} Ncd7 $146 {The position is equal.} ({Predecessor:} 12... Qe8 13. Nd2 Rd8 14. b4 d4 15. bxc5 Bxg2 16. Kxg2 dxe3 17. Nde4 bxc5 18. f3 Rd4 19. Rxd4 cxd4 {0-1 (28) Manoch,M (1969)-Ratsma,M (1930) Haarlem 2012}) 13. cxd5 Nxd5 14. Bd4 Qc7 15. Rc1 {[#] aiming for Nxd5.} Qb8 16. Rfd1 Rfd8 17. Nxd5 Bxd5 18. Rxc8 Qxc8 19. b3 Qb7 20. Bb2 h6 21. Ne1 Bxg2 22. Nxg2 Nf6 23. Nf4 Rxd1+ 24. Qxd1 Qd7 (24... Ng4 {feels hotter.} 25. Qc2 Bg5 26. Qc4 Bf6 27. Bxf6 Nxf6 28. f3 Qd7) 25. Qxd7 Nxd7 $11 {[%mdl 4096] Endgame KBN-KBN} 26. Nd3 f6 27. e4 Kf7 28. Kf1 f5 29. exf5 exf5 30. Ke2 g5 31. h3 h5 32. f3 Ke6 33. g4 fxg4 34. fxg4 hxg4 35. hxg4 Kd5 36. Ke3 Bd6 37. Bc3 b5 38. Nb4+ Bxb4 39. Bxb4 {KB-KN} Ne5 40. Be7 Nxg4+ 41. Ke2 Kd4 42. Bxg5 Kc3 43. Bd2+ Kc2 44. a4 a6 45. axb5 axb5 46. b4 Ne5 47. Bh6 Nc6 48. Bf8 Kc3 49. Kd1 Nxb4 50. Kc1 Kb3 51. Kb1 Nc2 52. Kc1 Na3 53. Be7 Nc4 {Accuracy: White = 95%, Black = 95%.} 1/2-1/2

[Event "WSTCC-50 2020"]
[Site "Prague"]
[Date "2020.03.08"]
[Round "3.27"]
[White "Maier, Christian"]
[Black "Meister, Jakob"]
[Result "1/2-1/2"]
[WhiteElo "2294"]
[BlackElo "2427"]
[Annotator "TA"]
[PlyCount "59"]
[EventDate "2020.03.06"]
[EventType "team-tourn"]
[EventCountry "CZE"]
[SourceTitle "playchess.com"]
[Source "ChessBase"]
[SourceQuality "1"]

{[%evp 9,59,-8,59,63,68,35,98,108,107,80,76,86,81,85,82,74,106,84,99,68,108,91,94,89,135,114,108,122,121,56,59,58,57,55,56,16,24,-40,-36,-50,-33,-55,-4,-4,-18,-4,0,0,0,0,4,6]} 1. e4 c5 2. Nf3 e6 3. b3 b6 4. Bb2 Bb7 5. Nc3 Ne7 (5... Nc6 $11) 6. d4 $14 {B40: Sicilian: 2...e6, Unusual lines.} cxd4 7. Nxd4 {[#]} Nec6 $146 {[#]} (7... a6 $14) ({Predecessor:} 7... Ng6 8. Ndb5 Nc6 9. Nd6+ Bxd6 10. Qxd6 Qe7 11. Nb5 O-O 12. O-O-O Qg5+ 13. Kb1 a6 {1-0 (56) Padurariu,M (2066)-Berechet,S (1829) Mamaia 2019}) 8. Ndb5 $1 $16 {White is better.} Nb4 9. a3 a6 10. axb4 {Threatens to win with Nd6+.} axb5 11. Rxa8 Bxa8 12. Bxb5 Bxb4 {Threatening ...Qg5.} 13. Qd4 Bf8 14. Na4 Nc6 15. Qxb6 Bb4+ 16. c3 Be7 17. Qxd8+ Kxd8 18. Ke2 Kc7 19. Bd3 (19. Rd1 $16) 19... Rb8 $14 20. Bc2 Na5 21. b4 $1 {[%cal Rb4a5]} Nc4 22. Bd3 Ne5 23. Bc2 (23. Bc1 $11) 23... Bc6 $15 {Strongly threatening ...Ra8.} 24. Ra1 Bb5+ 25. Kd1 Nd3 (25... Nc4 $15 26. Rb1 Bf6) 26. Bxd3 $11 {The position is equal.} Bxd3 27. f3 Bf1 28. g3 Ra8 29. Kd2 Bb5 30. Nc5 {Accuracy: White = 75%, Black = 77%.} 1/2-1/2

[Event "WSTCC-50 2020"]
[Site "Prague"]
[Date "2020.03.08"]
[Round "3.28"]
[White "Koehler, Gerhard"]
[Black "Polster, Wolfgang"]
[Result "1-0"]
[WhiteElo "2204"]
[BlackElo "2201"]
[Annotator "TA"]
[PlyCount "89"]
[EventDate "2020.03.06"]
[EventType "team-tourn"]
[EventCountry "CZE"]
[SourceTitle "playchess.com"]
[Source "ChessBase"]
[SourceQuality "1"]

{[%evp 9,89,21,40,25,48,46,48,44,43,39,61,32,56,33,54,15,69,24,39,35,62,51,57,68,97,79,79,85,120,124,106,100,94,77,88,95,130,86,96,82,86,41,20,8,9,29,35,43,56,26,69,70,70,0,0,0,0,-182,-91,-170,0,0,0,-72,-32,-60,0,-10,150,111,40,59,292,258,550,87,316,316,3164,2061,29979,29978]} 1. c4 f5 2. Nc3 g6 3. g3 Bg7 4. Bg2 e5 5. e3 Nc6 6. d3 {A25: English Opening vs King's Indian with ...Nc6 but without early d3.} Nh6 7. Nge2 O-O 8. O-O {White is slightly better.} d6 9. Rb1 Be6 10. Nd5 {[#]} Kh8 $146 ({Predecessor:} 10... Qd7 11. b4 g5 12. b5 Nd8 13. f4 gxf4 14. gxf4 c6 15. bxc6 bxc6 16. Ndc3 Kh8 {1-0 (52) Verdnikov,V (2194)-Lepkasov,V (2052) Izhevsk 2010}) 11. b4 a6 12. Qc2 Rc8 (12... Nb8 $11) 13. Bd2 Nb8 14. b5 axb5 15. cxb5 (15. Rxb5 c6 $17) 15... c6 16. bxc6 bxc6 17. Nb6 Rc7 18. a4 Qg5 19. d4 Qh5 20. Bb4 c5 {Black wants to play ...f4.} 21. d5 Bg8 22. Bc3 g5 23. f3 Nd7 24. Nxd7 Rxd7 25. e4 fxe4 26. Qxe4 Qe8 27. Bd2 Bf7 28. Qc4 Bg6 29. Rb6 Qd8 30. a5 Nf5 31. Bh3 (31. Nc3 $14) 31... Rdf7 $1 $11 32. Qa6 e4 33. f4 $2 (33. fxe4 $11 {and White stays safe.} Nd4 34. Rxf7 Rxf7 35. Bg2) 33... Nd4 (33... e3 $19 34. Bc1 Qe7) 34. Be3 {[#]} (34. Bg4 $17 {was worth a try.}) 34... Nxe2+ $2 (34... Bh5 $1 $19 {[%cal Rh5e2]} 35. Nxd4 cxd4 36. Rxd6 {[#]} Be2 $1 {[%mdl 512]} 37. Rxd8 Bxa6 38. Rxf8+ Rxf8) 35. Qxe2 gxf4 36. Bxf4 (36. Rxf4 $11 {remains equal.} Bd4 37. Kg2) 36... Bd4+ $17 37. Kh1 Rf6 (37... e3 $1 $15) 38. Bg2 Qa8 $2 ({Better is} 38... e3 $11) 39. Rxd6 Rxd6 40. Bxd6 Rxf1+ $2 (40... Re8 $1 $14) 41. Qxf1 $18 Qxd5 $2 (41... h6 42. a6 e3) 42. Qf8+ Qg8 {aiming for ...Qxf8.} 43. Qe7 ({Weaker is} 43. Bxc5 Qxf8 44. Bxf8 Kg8 $16) 43... Qd5 $2 (43... Qa2 44. Qd8+ (44. Bxe4 Bxe4+ 45. Qxe4 Qxa5 $16) 44... Qg8) 44. a6 {[%cal Ba5a6,Ba6a7][%mdl 32]} c4 45. a7 {Quite a comeback for White. Accuracy: White = 64%, Black = 52%.} 1-0

[Event "WSTCC-50 2020"]
[Site "Prague"]
[Date "2020.03.08"]
[Round "3.29"]
[White "Schweitzer, Andreas"]
[Black "Svanda, Pavel"]
[Result "0-1"]
[WhiteElo "2290"]
[BlackElo "2074"]
[Annotator "TA"]
[PlyCount "64"]
[EventDate "2020.03.06"]
[EventType "team-tourn"]
[EventCountry "CZE"]
[SourceTitle "playchess.com"]
[Source "ChessBase"]
[SourceQuality "1"]

{[%evp 14,64,17,0,0,0,11,0,38,39,39,32,50,38,55,52,42,50,71,56,39,0,87,-7,0,-45,-47,-38,-25,-43,-32,-39,-34,-55,-50,-68,-75,-78,-59,-93,-80,-146,-149,-131,-137,-231,-228,-251,-213,-503,-494,-752,-737]} 1. e4 e5 2. Bc4 Nf6 3. Nc3 Nxe4 4. Qh5 Nd6 5. Qxe5+ Qe7 6. Qxe7+ Bxe7 7. Bb3 Nf5 8. Nf3 c6 {C27: Vienna Game: 2...Nf6 3 Bc4 Nxe4.} 9. O-O d5 10. Re1 Be6 {The position is equal.} 11. Ne2 Nd7 {[#]} 12. c3 $146 ({Predecessor:} 12. d4 O-O 13. Nf4 Rae8 14. Nxe6 fxe6 15. Rxe6 Bf6 16. Rxe8 Rxe8 17. Be3 Kf8 18. c3 Nxe3 19. fxe3 Rxe3 {½-½ (41) Elsen,M (2225)-Luethgens,E (2295) Germany 1995}) 12... Nd6 13. Nf4 Bg4 14. Nd4 Nc5 15. Bc2 a5 16. f3 Bd7 17. b3 b6 (17... Kd8 $11 {keeps the balance.}) 18. Ba3 (18. Nh5 $16) 18... Kd8 $11 19. Nd3 (19. Nde2 {seems wilder.} Kc7 20. d4 Ncb7 21. Nd3 Bh4 22. g3) 19... Nxd3 20. Bxd3 c5 21. Ne2 Bf6 22. Nf4 Bc6 $1 23. Nh5 Bg5 $36 {[%mdl 2048] Black has good play.} 24. Rad1 g6 25. Ng3 Kd7 26. Be2 Rhe8 27. d4 (27. Bc1 $142) 27... cxd4 $17 28. cxd4 a4 {[%cal Ba5a4,Ba4a3][%mdl 32]} 29. Bxd6 (29. Bc1 $17 {was necessary.} Bf6 30. b4) 29... Kxd6 $19 30. b4 a3 31. Nf1 $2 {[#]} (31. Kf1) 31... Ba4 32. Ra1 (32. Rb1 $142 Bc2 33. Kf2) 32... Bf6 {Accuracy: White = 51%, Black = 91%.} 0-1

[Event "WSTCC-50 2020"]
[Site "Prague"]
[Date "2020.03.08"]
[Round "3.30"]
[White "Miculka, Petr"]
[Black "Titscher, Libor"]
[Result "0-1"]
[WhiteElo "2040"]
[BlackElo "2153"]
[Annotator "TA"]
[PlyCount "58"]
[EventDate "2020.03.06"]
[EventType "team-tourn"]
[EventCountry "CZE"]
[SourceTitle "playchess.com"]
[Source "ChessBase"]
[SourceQuality "1"]

{[%evp 13,58,20,17,-65,-12,-21,-20,-36,-4,-6,0,-33,-50,-300,-295,-293,-293,-269,-119,-119,-119,-252,-242,-290,-270,-316,-103,-105,-104,-452,-448,-425,-413,-944,-942,-873,0,0,0,0,0,-12831,-12830,-12830,-12832,-5493,-733]} 1. e4 c5 2. Nf3 Nc6 3. c3 e5 4. d4 cxd4 5. cxd4 exd4 6. Nxd4 Nf6 7. Nc3 {7.Nc3 is better than 7.Nxc6.} Bb4 8. Bg5 {B22: Sicilian: 2 c3.} ({White should try} 8. Nxc6 $11 bxc6 9. Bd3) 8... h6 (8... Qa5 $15 9. Nxc6 Bxc3+ 10. bxc3 Qxg5) 9. Nxc6 bxc6 10. Bh4 {[#] The position is equal.} d5 $146 ({Predecessor:} 10... O-O 11. Bd3 d5 12. O-O Bxc3 13. bxc3 dxe4 14. Bxf6 Qxd3 15. Bd4 Qxd1 16. Rfxd1 Be6 {½-½ (37) Isaksen,P (1785)-Webb,R (2243) England 2018}) 11. exd5 g5 {Hoping for ...0-0.} 12. Bg3 Nxd5 13. Qd4 $2 (13. Qc2 $15) 13... Qe7+ $19 14. Be2 O-O 15. Kf1 Nxc3 ({Weaker is} 15... Bxc3 16. bxc3 Re8 17. Bd3 $15) (15... Re8 $19 16. Bd3 Bf5 $1 {[%mdl 512]} 17. Bxf5 Bxc3) 16. bxc3 $17 Re8 {[#]} 17. Bc4 (17. Qe5 $1 $17 {[%mdl 512] might work better.}) 17... Bc5 $19 18. Qd3 {Strongly threatening Qg6+.} Qf6 $1 {aiming for ...Re3.} 19. h4 {Threatening hxg5.} g4 $2 (19... Bf5 $19 {and Black stays clearly on top.} 20. Qd2 Rad8 21. hxg5 Qg6) 20. Kg1 $17 Bf5 21. Qd2 $2 {[%mdl 8192]} (21. Qf1 $17 {was the crucial defense.}) 21... Rad8 $19 22. Qb2 Bd3 23. Bxd3 (23. Qb3 $142 a5 24. a4) 23... Rxd3 24. Kh2 {[#]} Rxc3 $2 (24... Rxg3 $1 $19 {[%mdl 512]} 25. fxg3 {[#]} Bd6 $1 {[%mdl 512]}) 25. Rhe1 $11 Rxe1 26. Rxe1 {And now Re4 would win.} Bd6 $1 27. Re3 $2 {[%mdl 8192]} (27. Re8+ $11 Kg7 28. Re4 (28. Bxd6 Qxd6+ 29. g3 Qd4 $11)) 27... Qxh4+ $1 $19 {Black is clearly winning.} 28. Kg1 Rxe3 {[%cal Re3e1]} 29. Qd2 Bxg3 {Accuracy: White = 34%, Black = 54%.} 0-1

[Event "WSTCC-50 2020"]
[Site "Prague"]
[Date "2020.03.08"]
[Round "3.31"]
[White "Berndt, Matthias"]
[Black "Tesar, Jan"]
[Result "0-1"]
[WhiteElo "2098"]
[BlackElo "2008"]
[Annotator "TA"]
[PlyCount "66"]
[EventDate "2020.03.06"]
[EventType "team-tourn"]
[EventCountry "CZE"]
[SourceTitle "playchess.com"]
[Source "ChessBase"]
[SourceQuality "1"]

{[%evp 12,66,8,0,0,-14,0,-28,-37,-27,-31,-70,-69,-56,-19,-85,-87,-103,-129,-201,-116,-281,-118,-174,-153,-270,-267,-263,-241,-286,-275,-286,-282,-401,-163,-239,-268,-286,-249,-252,-264,-408,-359,-345,-276,-729,-681,-936,-380,-373,-362,-316,-61,-29995,-29996,-29996,-29997]} 1. e4 c5 2. Nc3 d6 3. g3 g6 4. Bg2 Bg7 5. d3 Nc6 6. Be3 Nd4 7. Qc1 Nf6 {[#] B26: Closed Sicilian: 3 g3, lines with early Be3.} 8. h3 $146 ({Predecessor:} 8. Nd1 Ng4 9. Bd2 O-O 10. h3 Ne5 11. f4 Nec6 12. c3 Nb5 13. Nf3 f5 14. Qc2 Nc7 15. exf5 gxf5 {0-1 (54) Narciso Dublan,M (2551)-Moreno Ruiz,J (2527) San Sebastian 2011}) 8... O-O 9. Nce2 e5 {Black has an edge.} 10. c3 Ne6 11. f4 exf4 12. gxf4 Nh5 13. Nf3 (13. Qd2 $11 {keeps the balance.}) 13... f5 $17 14. O-O Bd7 15. e5 {[#]} (15. Ng5 $17 {was the only defense.}) 15... Bb5 (15... dxe5 $1 $19 16. fxe5 f4) 16. Rd1 $2 {[#]} (16. Qd2 $17 {was necessary.}) 16... Qe7 (16... dxe5 $1 $19 17. fxe5 f4) 17. Qc2 (17. a4 $17 Ba6 18. c4) 17... Kh8 18. c4 (18. a4 $17 Ba6 19. b4) 18... Bc6 $19 19. d4 Be4 20. Qb3 cxd4 21. exd6 Qxd6 {Threatens to win with ...d3.} 22. Nexd4 (22. Nfxd4 $142 Bxg2 23. Kxg2) 22... Nxd4 (22... Nexf4 $142 23. c5 Qe7 24. Bxf4 Nxf4) 23. Nxd4 (23. Bxd4 {is a better defense.} Qxf4 24. Qc3) 23... Bxg2 ({Don't do} 23... Nxf4 24. Bxf4 Qxf4 25. Ne6 $17) 24. Kxg2 Nxf4+ 25. Bxf4 Qxf4 26. Nf3 (26. Qg3 $142 Qe4+ 27. Qf3) 26... Rae8 {Strongly threatening ...Re2+.} 27. Re1 g5 28. Qd3 $2 (28. Rxe8 Rxe8 29. Re1 Rxe1 30. Nxe1) 28... g4 29. Ng1 Be5 (29... Rd8 $142 30. Qg3 Qxc4) 30. Re2 Rg8 {White must now prevent ...gxh3+.} 31. Kh1 g3 $2 ({Better is} 31... gxh3 $19 32. Nf3 Bf6) 32. Rae1 $2 {[%mdl 8192] [#]} (32. Kg2 $15) 32... g2+ $1 {[%mdl 512]} 33. Rxg2 Rxg2 {Accuracy: White = 26%, Black = 52%.} 0-1